[Event "IRL-ch 100th First Week"]
[Site "Dublin"]
[Date "2021.07.25"]
[Round "5"]
[White "Beatty, Sean"]
[Black "Mkrtichyan, Milena"]
[Result "1-0"]
[WhiteElo "809"]
[BlackElo "783"]
[PlyCount "115"]
[EventDate "2021.07.23"]
[EventType "swiss"]
[EventRounds "5"]
[EventCountry "IRL"]
[SourceTitle "EXT 2022"]
[Source "ChessBase"]
[SourceDate "2021.10.06"]
[SourceVersion "1"]
[SourceVersionDate "2021.10.06"]
[SourceQuality "1"]

1. e4 e5 2. Nc3 Nc6 3. Bc4 Nf6 4. Nge2 Bc5 5. 0-0 0-0 6. d3 h6 7. Na4 Be7 8. a3 d5 9. Ba2 dxe4 10. dxe4 Qxd1 11. Rxd1 Nxe4 12. Nac3 Nxc3 13. Nxc3 Nd4 14. Nd5 Bd6 15. Rd2 Be6 16. c3 Nf5 17. b4 Rfe8 18. c4 c6 19. Nc3 Bc7 20. Bb2 Nd6 21. c5 Nc4 22. Bxc4 Bxc4 23. Ne4 Rad8 24. Rad1 f6 25. Rd7 Rxd7 26. Rxd7 Rd8 27. Rxd8+ Bxd8 28. Nd6 Ba6 29. a4 Bc7 30. b5 cxb5 31. axb5 Bxd6 32. bxa6 Bxc5 33. axb7 Bd6 34. Ba3 Bb8 35. Kf1 Kf7 36. Ke2 f5 37. Kd3 g6 38. Kc4 Ke6 39. Kb5 Kd5 40. Bf8 h5 41. Bh6 f4 42. g3 Bc7 43. Ka6 Bb8 44. Bg5 Ke6 45. Kb5 Kd7 46. Ka6 Kc6 47. h4 Kc5 48. Be7+ Kd5 49. Kb5 fxg3 50. fxg3 Ke4 51. Kc6 Kf3 52. Bd6 Bxd6 53. Kxd6 Kxg3 54. b8Q Kxh4 55. Qb4+ Kg5 56. Kxe5 h4 57. Qf4+ Kh5 58. Kf6 1-0

[Event "IRL-ch 100th First Week"]
[Site "Dublin"]
[Date "2021.07.24"]
[Round "3"]
[White "Coulton Dillon, Luke"]
[Black "Mkrtichyan, Milena"]
[Result "0-1"]
[WhiteElo "700"]
[BlackElo "783"]
[PlyCount "69"]
[EventDate "2021.07.23"]
[EventType "swiss"]
[EventRounds "5"]
[EventCountry "IRL"]
[SourceTitle "EXT 2022"]
[Source "ChessBase"]
[SourceDate "2021.10.06"]
[SourceVersion "1"]
[SourceVersionDate "2021.10.06"]
[SourceQuality "1"]

1. e4 e5 2. Nc3 Nc6 3. Bc4 Bc5 4. Qg4 g6 5. Qf3 Qf6 6. Nd5 Qxf3 7. Nxf3 Bd6 8. d3 Na5 9. Bg5 Kf8 10. Nf6 h6 11. Nxg8 hxg5 12. Nf6 Nxc4 13. dxc4 Kg7 14. Ng4 f6 15. 0-0-0 Bc5 16. h3 d6 17. Ngh2 Bxf2 18. Rhf1 Bc5 19. Nd2 Be6 20. Rf3 a5 21. b3 a4 22. Kb2 axb3 23. axb3 Ba3+ 24. Kc3 c5 25. Nhf1 g4 26. Rd3 gxh3 27. gxh3 Bb4+ 28. Kb2 Rxh3 29. Rxd6 Bg4 30. Re1 Bc3+ 31. Kc1 Ra1+ 32. Nb1 Bxe1 33. Rb6 Bc3 34. Rxb7+ Kh6 35. Rd7 0-1

[Event "IRL-ch 100th First Week"]
[Site "Dublin"]
[Date "2021.07.23"]
[Round "1"]
[White "Milligan, Kyle"]
[Black "Mkrtichyan, Milena"]
[Result "0-1"]
[WhiteElo "700"]
[BlackElo "783"]
[PlyCount "70"]
[EventDate "2021.07.23"]
[EventType "swiss"]
[EventRounds "5"]
[EventCountry "IRL"]
[SourceTitle "EXT 2022"]
[Source "ChessBase"]
[SourceDate "2021.10.06"]
[SourceVersion "1"]
[SourceVersionDate "2021.10.06"]
[SourceQuality "1"]

1. e4 e5 2. Nf3 Nc6 3. Bc4 Bc5 4. b4 Bxb4 5. c3 Bd6 6. d4 Nf6 7. Bg5 Be7 8. Nbd2 d6 9. 0-0 0-0 10. h3 h6 11. Be3 exd4 12. cxd4 Nxe4 13. Bxf7+ Rxf7 14. Nxe4 d5 15. Nc3 Na5 16. Ne5 Rf5 17. Ng6 c6 18. Re1 Bb4 19. Qd3 Rf6 20. Ne5 Bf5 21. Qd2 Nc4 22. Qc1 Nxe5 23. dxe5 Rg6 24. a3 Bxc3 25. Qxc3 Bxh3 26. g3 Qh4 27. Bd4 Bf5 28. e6 Qh3 29. e7 Re8 30. Bxa7 Be4 31. Rxe4 dxe4 32. Qc4+ Qe6 33. Qxe6+ Rxe6 34. Bc5 Re5 35. Rc1 Kf7 0-1